LIBRARY & INFORMATION CENTRE, KCAET, TAVANUR

ONLINE PUBLIC ACCESS CATALOGUE (OPAC)

Modification and evaluation of automated drip irrigation system (Record no. 15108)

MARC details
000 -LEADER
fixed length control field 00894nam a22001817a 4500
003 - CONTROL NUMBER IDENTIFIER
control field OSt
088 ## - REPORT NUMBER
Report number T 351
100 ## - MAIN ENTRY--AUTHOR NAME
Personal name ARJUN PRAKASH K. V
245 ## - TITLE STATEMENT
Title Modification and evaluation of automated drip irrigation system
260 ## - PUBLICATION, DISTRIBUTION, ETC. (IMPRINT)
Place of publication Tavanur 2016
Name of publisher DEPARTMENT OF LAND & WATER RESOURCES AND CONSERVATION ENGINEERING
300 ## - PHYSICAL DESCRIPTION
Number of Pages 130
500 ## - GENERAL NOTE
General note Modification and evaluation of automated drip irrigation system
520 ## - SUMMARY, ETC.
Summary, etc Automated drip irrigation system consists of conductive and capacitor type sensors for the soilmoisture measurement which allowed irrigating each bed according to the requirment. It composed of water sensors, solenoid valves, microcontroller unit and LCD display. operated with GSM modem
700 ## - ADDED ENTRY--PERSONAL NAME
Personal name Dr. Sajeena S (Guide)
856 ## - ELECTRONIC LOCATION AND ACCESS
Uniform Resource Identifier https://drive.google.com/open?id=1UdPrB1qhtIaTd4i6wx4X6_TwW9t9g4uv
942 ## - ADDED ENTRY ELEMENTS (KOHA)
Koha item type Theses
Holdings
Collection code Home library Current library Shelving location Full call number Accession Number Koha item type Public note
Reference KAUAET KAUAET Reference 631.75807 ARJ/MO T 351 Theses M.Tech Thesis
free website counter